Los derechos humanos en las crisis humanitarias (Registro nro. 65695)

Detalles MARC
000 -CABECERA
campo de control de longitud fija 00629nam a2200229Ia 4500
001 - NÚMERO DE CONTROL
campo de control 65695
003 - IDENTIFICADOR DEL NÚMERO DE CONTROL
campo de control 138488
005 - FECHA Y HORA DE LA ÚLTIMA TRANSACCIÓN
campo de control 20250225065451.0
008 - DATOS DE LONGITUD FIJA--INFORMACIÓN GENERAL
campo de control de longitud fija ||||||n9999 ||| || ||
041 ## - CÓDIGO DE LENGUA
Código de lengua del texto/banda sonora o título independiente spa
100 1# - ENTRADA PRINCIPAL--NOMBRE DE PERSONA
Nombre de persona Fisas Armengol, Vicenc,
Fechas asociadas al nombre 1952-
9 (RLIN) 86459
245 #0 - MENCIÓN DE TÍTULO
Título Los derechos humanos en las crisis humanitarias
260 ## - PUBLICACIÓN, DISTRIBUCIÓN, ETC.
Lugar de publicación, distribución, etc. Bogotá :
Nombre del editor, distribuidor, etc. IDDLC,
Fecha de publicación, distribución, etc. 1998.
300 ## - DESCRIPCIÓN FÍSICA
Extensión 22h.
562 ## - NOTA DE IDENTIFICACIÓN DE LA COPIA Y VERSIÓN
Número de copias 0
650 #0 - PUNTO DE ACCESO ADICIONAL DE MATERIA--TÉRMINO DE MATERIA
Término de materia o nombre geográfico como elemento de entrada Asistencia humanitaria
9 (RLIN) 191235
650 #0 - PUNTO DE ACCESO ADICIONAL DE MATERIA--TÉRMINO DE MATERIA
Término de materia o nombre geográfico como elemento de entrada Conflicto armado
9 (RLIN) 10156
650 #0 - PUNTO DE ACCESO ADICIONAL DE MATERIA--TÉRMINO DE MATERIA
Término de materia o nombre geográfico como elemento de entrada Derecho internacional humanitario
9 (RLIN) 23998
650 #0 - PUNTO DE ACCESO ADICIONAL DE MATERIA--TÉRMINO DE MATERIA
Término de materia o nombre geográfico como elemento de entrada Derechos humanos
9 (RLIN) 2723
650 ## - PUNTO DE ACCESO ADICIONAL DE MATERIA--TÉRMINO DE MATERIA
Término de materia o nombre geográfico como elemento de entrada PONENCIA
9 (RLIN) 12713
942 ## - ELEMENTOS DE PUNTO DE ACCESO ADICIONAL (KOHA)
Tipo de ítem Koha Documento Externo

No hay ítems disponibles.